| 000 | 00545nam a22002057a 4500 | ||
|---|---|---|---|
| 003 | OSt | ||
| 005 | 20140410092229.0 | ||
| 008 | 131008t xxu||||| |||| 00| 0 eng d | ||
| 020 | _a9780545021388 | ||
| 050 |
_aPZ 7 _b.St857Fsa 2009 |
||
| 100 | _aStilton, Geronimo | ||
| 245 |
_aA fabumouse school adventure / _bGeronimo Stilton. |
||
| 260 |
_aNew York : _bScholastic Inc., _c2009 |
||
| 300 |
_a111 p. : _bill. col. ; _c20 cm. |
||
| 521 | _aG4 | ||
| 526 | _c660 | ||
| 650 |
_aFiction _xJuvenile _926638 |
||
| 942 |
_2lcc _cBK |
||
| 999 |
_c34335 _d34335 |
||